<?xml version="1.0" encoding="UTF-8"?>
<record
    xmlns:xsi="http://www.w3.org/2001/XMLSchema-instance"
    xsi:schemaLocation="http://www.loc.gov/MARC21/slim http://www.loc.gov/standards/marcxml/schema/MARC21slim.xsd"
    xmlns="http://www.loc.gov/MARC21/slim">

  <leader>00969nam a22001937a 4500</leader>
  <controlfield tag="005">20240501151319.0</controlfield>
  <datafield tag="010" ind1=" " ind2=" ">
    <subfield code="a">HIN-127436</subfield>
  </datafield>
  <datafield tag="020" ind1=" " ind2=" ">
    <subfield code="c">750.00</subfield>
    <subfield code="a">9789395310505</subfield>
  </datafield>
  <datafield tag="035" ind1=" " ind2=" ">
    <subfield code="a">HN-99782</subfield>
  </datafield>
  <datafield tag="037" ind1=" " ind2=" ">
    <subfield code="b">DBAD</subfield>
  </datafield>
  <datafield tag="082" ind1=" " ind2=" ">
    <subfield code="a">333.7930954</subfield>
  </datafield>
  <datafield tag="100" ind1=" " ind2=" ">
    <subfield code="a">&#x926;&#x940;&#x92A;&#x93F;&#x915;&#x93E; &#x938;&#x93F;&#x902;&#x939;</subfield>
    <subfield code="9">65368</subfield>
  </datafield>
  <datafield tag="245" ind1=" " ind2=" ">
    <subfield code="a">&#x92D;&#x93E;&#x930;&#x924;-&#x92E;&#x94D;&#x92F;&#x93E;&#x902;&#x92E;&#x93E;&#x930; &#x938;&#x940;&#x92E;&#x93E; &#x92A;&#x93E;&#x930; &#x906;&#x927;&#x93E;&#x930;&#x92D;&#x942;&#x924; &#x938;&#x902;&#x930;&#x91A;&#x928;&#x93E;&#x913;&#x902; &#x915;&#x93E; &#x935;&#x93F;&#x915;&#x93E;&#x938; &#x90F;&#x935;&#x902; &#x909;&#x930;&#x94D;&#x91C;&#x93E; &#x938;&#x939;&#x92F;&#x94B;&#x917;:</subfield>
    <subfield code="b">&#x915;&#x932;&#x93E;&#x926;&#x93E;&#x928; &#x92A;&#x930;&#x93F;&#x92F;&#x94B;&#x91C;&#x928;&#x93E; &#x915;&#x93E; &#x905;&#x927;&#x94D;&#x92F;&#x92F;&#x928;/</subfield>
    <subfield code="c">&#x926;&#x940;&#x92A;&#x93F;&#x915;&#x93E; &#x938;&#x93F;&#x902;&#x939;</subfield>
  </datafield>
  <datafield tag="260" ind1=" " ind2=" ">
    <subfield code="a">&#x928;&#x908; &#x926;&#x93F;&#x932;&#x94D;&#x932;&#x940; </subfield>
    <subfield code="b">&#x939;&#x93F;&#x902;&#x926;&#x940; &#x92C;&#x941;&#x915; &#x938;&#x947;&#x902;&#x91F;&#x930; </subfield>
    <subfield code="c">2023</subfield>
  </datafield>
  <datafield tag="270" ind1=" " ind2=" ">
    <subfield code="a">4/5-&#x92C;&#x940; &#x906;&#x938;&#x92B; &#x905;&#x932;&#x940; &#x930;&#x94B;&#x921; </subfield>
    <subfield code="b">&#x928;&#x908;  &#x926;&#x93F;&#x932;&#x94D;&#x932;&#x940;</subfield>
    <subfield code="e">110002</subfield>
  </datafield>
  <datafield tag="300" ind1=" " ind2=" ">
    <subfield code="a">168&#x92A;&#x943;;</subfield>
    <subfield code="c">24&#x938;&#x947;&#x92E;&#x940;.(&#x938;&#x91C;&#x93F;&#x932;&#x94D;&#x926;)</subfield>
    <subfield code="b">&#x938;&#x91A;&#x93F;&#x924;&#x94D;&#x930;</subfield>
  </datafield>
  <datafield tag="650" ind1=" " ind2=" ">
    <subfield code="a">&#x939;&#x93F;&#x928;&#x94D;&#x926;&#x940;  </subfield>
    <subfield code="9">65369</subfield>
  </datafield>
  <datafield tag="942" ind1=" " ind2=" ">
    <subfield code="2">ddc</subfield>
    <subfield code="c">HN</subfield>
    <subfield code="h">333.7930954</subfield>
    <subfield code="m">&#x926;&#x940;&#x92A;&#x93F;&#x915;&#x93E; </subfield>
  </datafield>
  <datafield tag="999" ind1=" " ind2=" ">
    <subfield code="c">202483</subfield>
    <subfield code="d">202483</subfield>
  </datafield>
  <datafield tag="952" ind1=" " ind2=" ">
    <subfield code="0">0</subfield>
    <subfield code="1">0</subfield>
    <subfield code="4">0</subfield>
    <subfield code="7">0</subfield>
    <subfield code="8">NFIC</subfield>
    <subfield code="a">AV</subfield>
    <subfield code="b">AV</subfield>
    <subfield code="d">2024-05-01</subfield>
    <subfield code="e">DBAD</subfield>
    <subfield code="g">750.00</subfield>
    <subfield code="l">0</subfield>
    <subfield code="o">333.7930954 &#x926;&#x940;&#x92A;&#x93F;&#x915;&#x93E; </subfield>
    <subfield code="p">HN-99782</subfield>
    <subfield code="r">2024-05-01 00:00:00</subfield>
    <subfield code="t">1</subfield>
    <subfield code="v">750.00</subfield>
    <subfield code="w">2024-05-01</subfield>
    <subfield code="y">HN</subfield>
  </datafield>
</record>
